Mastering materials, bindings, & finishes : (Record no. 7696)

000 -LEADER
fixed length control field 00746cam a2200229 a 4500
003 - CONTROL NUMBER IDENTIFIER
control field OSt
005 - DATE AND TIME OF LATEST TRANSACTION
control field 20200317155642.0
008 - FIXED-LENGTH DATA ELEMENTS--GENERAL INFORMATION
fixed length control field 061030s2007 maua 001 0 eng
020 ## - INTERNATIONAL STANDARD BOOK NUMBER
International Standard Book Number 9781592533244
040 ## - CATALOGING SOURCE
Original cataloging agency DLC
Transcribing agency DLC
Modifying agency DLC
082 00 - DEWEY DECIMAL CLASSIFICATION NUMBER
Classification number 741.6
Edition number 22
Item number FIS
100 1# - MAIN ENTRY--PERSONAL NAME
Personal name Fishel, Catharine M.
245 10 - TITLE STATEMENT
Title Mastering materials, bindings, & finishes :
Remainder of title the art of creative production /
Statement of responsibility, etc Catharine Fishel.
246 3# - VARYING FORM OF TITLE
Title proper/short title Mastering materials, bindings, and finishes
260 ## - PUBLICATION, DISTRIBUTION, ETC. (IMPRINT)
Place of publication, distribution, etc Gloucester, Mass. :
Name of publisher, distributor, etc Rockport Publishers,
Date of publication, distribution, etc c2007.
300 ## - PHYSICAL DESCRIPTION
Extent 163 p. :
Other physical details ill. (chiefly col.) ;
Dimensions 27 cm.
490 0# - SERIES STATEMENT
Series statement Design field guides
500 ## - GENERAL NOTE
General note Includes index.
650 #0 - SUBJECT ADDED ENTRY--TOPICAL TERM
Topical term or geographic name as entry element Commercial art
General subdivision Technique.
650 #0 - SUBJECT ADDED ENTRY--TOPICAL TERM
Topical term or geographic name as entry element Graphic arts
General subdivision Technique.
942 ## - ADDED ENTRY ELEMENTS (KOHA)
Source of classification or shelving scheme
Holdings
Withdrawn status Lost status Source of classification or shelving scheme Damaged status Koha normalized classification for sorting Not for loan Permanent location Current location Date acquired Full call number Barcode Date last seen Price effective from Koha item type
        741_600000000000000_FIS   BMS College of Architecture, Design and Planning BMS College of Architecture, Design and Planning 2020-03-17 741.6 FIS AR-UG1405 2020-03-17 2020-03-17 UG Books
Copyright © 2025, The Librarian, Library and Information Centre, BMSCA D&P, Bengaluru. All Rights Reserved
web counter

Powered by Koha